01039cam a2200277 4500001000500000005001700005008004100022010001600063020002200079020001500101082002100116100002400137245010900161246005500270260004800325300002500373490003100398504006400429650006000493650001300553650002800566650003500594651004400629651004000673830004800713798920181127184832.0960530s1997 nyu b 001 0 eng d a 95073185 a0312119623 (pbk.) a031217280X00a303.3/3/09732211 aStaples, William G.14aThe culture of surveillance :bdiscipline and social control in the United States /cWilliam G. Staples.30aDiscipline and social control in the United States aNew York, NY :bSt. Martin's Press,cc1997. axi, 144 p. ;c24 cm.1 aContemporary social issues aIncludes bibliographical references (p. 137-138) and index. 0aElectronic surveillancexSocial aspectszUnited States. 0aLiberty. 0aPrivacyzUnited States. 0aSocial controlzUnited States. 0aUnited StatesxSocial conditionsy1980- 0aUnited StatesxSocial policyy1993- 0aContemporary social issues (New York, N.Y.)